000 00348nam a2200133 4500
005 20260530113858.0
100 1 _aConway Lloyd Morgan
_931959
245 1 0 _aTrade Fair Design annual 2002 / 2003
264 1 _bavedition
_c2002
300 _a207 páginas
336 _atexto
_2rdacontent
337 _asin medio
_2rdamedia
338 _avolumen
_2rdacarrier
999 _c11696
_d11696